000 00390nam a2200145Ia 4500
008 211109s9999||||xx |||||||||||||| ||und||
082 _a894.8123
_bVAL-C
100 _aP Valsala,
245 0 _aChaver
260 _bN B S Ktm 537
_a2-6-93
_c1991
300 _a387p.
630 _xGENERAL STACK
650 _aLiterature
_vMalayalam Literature
_xMalayalam FictionStoryMalayalam
942 _cBOOK
999 _c46358
_d46358